Locksmith and security professionals’ exam study guide

Guardat en:
Dades bibliogràfiques
Autor principal:  Phillips, Bill
Format: Sách
Idioma:Undetermined
Publicat:  McGraw-Hill  2009
Matèries:
Etiquetes: Afegir etiqueta
Sense etiquetes, Sigues el primer a etiquetar aquest registre!
Thư viện lưu trữ: Trung tâm Thư viện - Trường Đại học Công nghiệp TP. Hồ Chí Minh
LEADER 00518nam a2200157Ia 4500
001 UIH_05298
008 231011s9999 xx 000 0 und d
082 |a  621.389 
100 |a  Phillips, Bill 
245 0 |a  Locksmith and security professionals’ exam study guide 
245 0 |c  Phillips, Bill 
260 |b  McGraw-Hill 
260 |c  2009 
650 |a  Hệ thống an ninh điện tử;  
927 |a Sách 
980 |a Trung tâm Thư viện - Trường Đại học Công nghiệp TP. Hồ Chí Minh